000 02679cam a22004574i 4500
003 PE-LiUPU
005 20250731184057.0
008 150512s2010 sp r 001 0 spa d
020 _a8499083242
020 _a9788499083247
035 _a(Sirsi) i9788499083247
040 _aZWZ
_bspa
_cZWZ
_dVA@
_dOCLCF
_dOCLCO
_dPE-LiUPU
_erda
049 _aPRUA
082 0 4 _a864.6
_bL32
_219
090 _aPQ6662.A89
_bD37 2010
100 1 _aLázaro Carreter, Fernando,
_d1923-2004,
_eautor.
245 1 3 _aEl dardo en la palabra /
_cFernando Lázaro Carreter.
250 _aSegunda edición con esta portada.
264 1 _aBarcelona :
_bDebolsillo,
_c2010.
300 _a754 páginas ;
_c19 centímetros
336 _atext
_2rdacontent
337 _aunmediated
_2rdamedia
338 _avolume
_2rdacarrier
490 0 _aLiteratura ;
_v256
500 _Indice: páginas 735-754.
520 _a\
_aCon la puntería de un minucioso observador, la contundencia de quien conoce a la perfección los resortes internos del idioma y una fina ironía, Lázaro Carreter examina los artículos que son devorados por centenares de miles de personas, barre los diales de las emisoras donde bullen los asuntos más candentes o las conversaciones más banales, contempla la pantalla de una televisión ante la que cada español recibe diariamente varias hora de palabra hablada, y hace de todo ello no un catálogo exhuastivo, pero sí representativo, de los principales vicios y defectos que "adornan" el día a día de los medios. El dardo en la palabra es, pues, un aldabonazo que advierte que el idioma es un instrumento vivo. De las formas que toma en su uso diario depende su futuro, que es en gran medida también el nuestro. Su excepcional labor formativa, el favor del público y los prestigiosos galardones y reconocimientos que ha recibido han convertido El dardo en la palabra en el indiscutible fenómeno editorial de los últimos años.
526 _aP145
526 _aP127
526 _aP97
526 _aP14
526 _aP07
541 _g001-002617;
650 0 _aEnsayos españoles.
_92099
650 0 _aLengua española
_xUso.
_2embne
910 _aaas
_bjck
_caas
_d20150512
942 _2ddc
_cBOOK
949 _a864.6 L32
_wDEWEY
_c1
_i70984
_lCCODEBUL1
_mBUL
_p15.87
_r0
_sY
_tBOOK
_u2015-5-12
_xEDUCACION
_PP07
_0COMPRA
_o.STAFF. Colección General
994 _aC0
_bPEPRU
596 _a1
999 _a864.6 L32
_wDEWEY
_c21411
_i70984
_d21411
_e2019-9-5
_f2021-11-9
_g5
_lCCODEBUL1
_mBUL
_n1
_p15.87
_q1
_r0
_sY
_tBOOK
_u2015-5-12
_xEDUCACION
_PP07
_0COMPRA
_o.STAFF. Colección General
980 _81
_gALBERTO SANCHEZ Responsable de Automatización